| 000 | 01058nam a22002777a 4500 | ||
|---|---|---|---|
| 999 |
_c63718 _d63718 |
||
| 005 | 20240530110655.0 | ||
| 008 | 171219s2016 ua g b 000 0dara d | ||
| 017 |
_a2014/26622 _bمصر. دار الكتب |
||
| 020 | _a9789774279522 | ||
| 040 |
_aEG-CaGPL _cEG-CaGPL |
||
| 082 | 0 | 4 |
_221 _a303.483\ _bخ ع |
| 100 | 0 | _aخيرت عياد | |
| 245 | 1 | 2 |
_aالعلاقات العامة والاتصال المؤسسى عبر الانترنت / _bخيرت عياد ، احمد فاروق . |
| 250 | _aط.1 | ||
| 260 |
_aالقاهرة : _bالدار المصرية اللبنانية ، _c2015 . |
||
| 300 |
_a232 ص. ؛ _c24 سم. |
||
| 504 | _aببليوجرافية : 199 - 229 | ||
| 650 | 0 | 7 |
_2qrmak _aالانترنت |
| 650 | 0 | 7 |
_2qrmak _aالتسويق الالكترونى |
| 650 | 0 | 7 |
_2qrmak _aالعلاقات العامة |
| 650 | 0 | 7 |
_2qrmak _aمواقع التواصل الاجتماعى |
| 651 | _2qrmak | ||
| 700 | 0 |
_aاحمد فاروق _eمؤلف مشارك |
|
| 942 |
_2ddc _cBK |
||